| 000 | 00531 a2200181 4500 | ||
|---|---|---|---|
| 003 | OSt | ||
| 005 | 20240208103215.0 | ||
| 008 | 240208b |||||||| |||| 00| 0 eng d | ||
| 020 | _a9789385269042 | ||
| 040 | _coclc | ||
| 082 |
_a894.8125 _bHAK/K |
||
| 100 |
_aHakeem,A. K. Abdul _910422 |
||
| 245 |
_aKavimatham Anandhanubhoothiyo / _cA. K. Abdul Hakeem |
||
| 250 | _a1st ed. | ||
| 260 |
_aKozhikode: _bOlive publication, _c2015. |
||
| 300 | _a137p. | ||
| 942 |
_2ddc _cBK _h894.8125 _iHAK/K _k894.8125 _mHAK/K |
||
| 999 |
_c44378 _d44378 |
||